Mechanical Measurements and Control (Record no. 7400)

MARC details
000 -LEADER
fixed length control field 00321nam a2200133Ia 4500
008 - FIXED-LENGTH DATA ELEMENTS--GENERAL INFORMATION
fixed length control field 191201s2010 xx 000 0 und d
100 ## - MAIN ENTRY--PERSONAL NAME
Personal name KUMAR, D S
245 #0 - TITLE STATEMENT
Title Mechanical Measurements and Control
250 ## - EDITION STATEMENT
Edition statement rev. 4
260 ## - PUBLICATION, DISTRIBUTION, ETC. (IMPRINT)
Date of publication, distribution, etc 2010
Name of publisher, distributor, etc Metropolitan Book
Place of publication, distribution, etc N. Delhi
300 ## - PHYSICAL DESCRIPTION
Extent 748
650 ## - SUBJECT ADDED ENTRY--TOPICAL TERM
Topical term or geographic name as entry element ME
942 ## - ADDED ENTRY ELEMENTS (KOHA)
Source of classification or shelving scheme Dewey Decimal Classification
Koha item type Book Bank
Holdings
Withdrawn status Lost status Source of classification or shelving scheme Damaged status Not for loan Collection code Home library Current library Date acquired Source of acquisition Cost, normal purchase price Bill Number Total Checkouts Acc. no. / Barcode Date last seen Date last borrowed Bill Date Koha item type
    Dewey Decimal Classification     B.Tech(ME) PIET C-LIBRARY PIET C-LIBRARY 18/10/2010 The book company 300.00 4787 1 BB6077 20/08/2020 28/02/2020 18/10/2010 Book Bank
    Dewey Decimal Classification     B.Tech(ME) PIET C-LIBRARY PIET C-LIBRARY 18/10/2010 The book company 300.00 4787   BB6078 04/12/2019   18/10/2010 Book Bank
    Dewey Decimal Classification     B.Tech(ME) PIET C-LIBRARY PIET C-LIBRARY 18/10/2010 The book company 300.00 4787   BB6079 04/12/2019   18/10/2010 Book Bank
    Dewey Decimal Classification     B.Tech(ME) PIET C-LIBRARY PIET C-LIBRARY 18/10/2010 The book company 300.00 4787   BB6080 04/12/2019   18/10/2010 Book Bank
    Dewey Decimal Classification     B.Tech(ME) PIET C-LIBRARY PIET C-LIBRARY 18/10/2010 The book company 300.00 4787   BB6081 04/12/2019   18/10/2010 Book Bank
    Dewey Decimal Classification     B.Tech(ME) PIET C-LIBRARY PIET C-LIBRARY 18/10/2010 The book company 300.00 4787   BB6082 04/12/2019   18/10/2010 Book Bank
    Dewey Decimal Classification     B.Tech(ME) PIET C-LIBRARY PIET C-LIBRARY 18/10/2010 The book company 300.00 4787   BB6083 04/12/2019   18/10/2010 Book Bank

Design & Developed by: PIET Central Library
R70 Miles Stone Pattikalyana Samalkha Panipat 132102
mail ID :- [email protected], Phone No:- 0180-2569700 Ex.216